=LDR 00000nam 2200000 4500 =001 NUTBA000000000001025 =005 20250425082608 =035 ##$$a 0010-041400000000295 =008 250425################e##########0#ind## =020 ##$$a 978-979-010-389-4 =082 ##$$a 028.5 =090 ##$$a 028.5 $b Rat l =100 ##$$a Ratna Dwi =245 1#$$a Lilia di negeri akraland /$c Ratna Dwi ; editor Fifi Afiah =260 ##$$a Jakarta :$b PT. Bumi Aksara,$c 2011 =300 ##$$a 138 hlm : $b ilus ; $c 20 cm =650 #4$$a Bacaan anak-anak =700 #$$a Fifi Afiah =850 ##$$a NBPBMAT =084 ##$$a 028.5 RAT l =990 ##$$a 93235/BPAP-NTB/2014 =990 ##$$a 94328/BPAP-NTB/2014 =990 ##$$a 21400613/BPAP-NTB/20142014